Displacement or succession? Residential mobility in gentrifying neighborhoods (Record no. 64936)

000 -LEADER
fixed length control field 01043pab a2200181 454500
008 - FIXED-LENGTH DATA ELEMENTS--GENERAL INFORMATION
fixed length control field 180718b2005 xxu||||| |||| 00| 0 eng d
100 ## - MAIN ENTRY--PERSONAL NAME
Personal name Freeman, Lance
245 ## - TITLE STATEMENT
Title Displacement or succession? Residential mobility in gentrifying neighborhoods
260 ## - PUBLICATION, DISTRIBUTION, ETC.
Date of publication, distribution, etc. 2005
300 ## - PHYSICAL DESCRIPTION
Extent p.463-91.
362 ## - DATES OF PUBLICATION AND/OR SEQUENTIAL DESIGNATION
Dates of publication and/or sequential designation Mar
520 ## - SUMMARY, ETC.
Summary, etc. This article examines the extent to which gentrification in U.S. neighborhoods is associated with displacement by comparing mobility and displacement in gentrifying neighborhoods with mobility and displacement in similar neighborhoods that did not undergo gentrification. The results suggest that displacement and higher mobility play minor if any roles as forces of change in gentrifying neighborhoods. Demographic change in gentrifying neighborhoods appears to be a consequence of lower rates of intraneighborhood mobility and the relative affluence of in-movers. - Reproduced.
650 ## - SUBJECT ADDED ENTRY--TOPICAL TERM
Topical term or geographic name entry element Gentrification
650 ## - SUBJECT ADDED ENTRY--TOPICAL TERM
Topical term or geographic name entry element Migration
650 ## - SUBJECT ADDED ENTRY--TOPICAL TERM
Topical term or geographic name entry element Social mobility
773 ## - HOST ITEM ENTRY
Main entry heading Urban Affairs Review
909 ## -
-- 64936
Holdings
Withdrawn status Lost status Damaged status Not for loan Permanent Location Current Location Date acquired Serial Enumeration / chronology Barcode Date last seen Price effective from Koha item type
        Indian Institute of Public Administration Indian Institute of Public Administration 2018-07-19 Volume no: 40, Issue no: 4 AR65388 2018-07-19 2018-07-19 Articles

Powered by Koha